[Event "ICS rated blitz match"]
[Site "204.178.125.65"]
[Date "2000.02.25"]
[Round "?"]
[White "Hossa"]
[Black "brutus"]
[Result "1-0"]
[WhiteElo "2410"]
[BlackElo "2087"]
[PlyCount "115"]

1. e4 e6 2. d4 d5 3. Nc3 Nf6 4. Bg5 Bb4 5. e5 h6 6. Bd2 Bxc3 7. bxc3 Ne4 8. Nf3
c5 9. Bd3 Nxd2 10. Qxd2 Nc6 11. Bb5 Bd7 12. Bxc6 Bxc6 13. O-O Qe7 14. Rfb1 O-O
15. Qf4 b6 16. Rb2 Rac8 17. Nd2 Bb7 18. a4 cxd4 19. cxd4 Ba6 20. a5 Bc4 21.
axb6 axb6 22. Rxb6 Qc7 23. Rab1 Rb8 24. Nxc4 dxc4 25. Rxb8 Rxb8 26. Qc1 c3 27.
Rxb8+ Qxb8 28. g4 Qb4 29. Qd1 Qc4 30. f4 g6 31. Kf2 Kg7 32. Ke3 f6 33. Qb1 Qc6
34. Qb4 f5 35. Qe7+ Kg8 36. gxf5 gxf5 37. Kd3 Kh8 38. Qd6 Qf3+ 39. Kc4 Qe2+ 40.
Kxc3 Qe3+ 41. Kc4 Qe2+ 42. Kb4 Qxc2 43. Qd8+ Kh7 44. Qd7+ Kh8 45. Qe8+ Kh7 46.
Qf7+ Kh8 47. Qf6+ Kh7 48. Qxe6 Qb2+ 49. Kc5 Qa3+ 50. Kb6 Qb4+ 51. Kc6 Qa4+ 52.
Kc7 Qa5+ 53. Kd7 Qa7+ 54. Kd8 Qb8+ 55. Ke7 Qb7+ 56. Qd7 Qb4+ 57. Kf6+ Qe7+ 58.
Qxe7+ 1-0

[Event "ICS rated blitz match"]
[Site "204.178.125.65"]
[Date "2000.02.25"]
[Round "?"]
[White "brutus"]
[Black "Hossa"]
[Result "1/2-1/2"]
[WhiteElo "2083"]
[BlackElo "2414"]
[PlyCount "129"]

1. e4 e5 2. Nf3 Nc6 3. Bb5 a6 4. Ba4 Nf6 5. Qe2 b5 6. Bb3 Bc5 7. c3 O-O 8. O-O
a5 9. Rd1 a4 10. Bc2 Ba6 11. d4 exd4 12. cxd4 Be7 13. Bd3 Nb4 14. e5 Nxd3 15.
Qxd3 Nd5 16. Nc3 b4 17. Qe4 Nxc3 18. bxc3 bxc3 19. Qc2 f6 20. Qxc3 Rb8 21. Ba3
Be2 22. Rdb1 Rxb1+ 23. Rxb1 Bxa3 24. Qxa3 g6 25. Re1 Bxf3 26. Qxf3 fxe5 27.
Qd5+ Rf7 28. Qxe5 a3 29. h3 h6 30. Re3 Rf5 31. Qe4 Qf8 32. f3 Qd6 33. Qe8+ Rf8
34. Qe5 Qxe5 35. dxe5 Re8 36. f4 d6 37. Kf2 Re6 38. exd6 Rxe3 39. Kxe3 cxd6 40.
Kd4 Kf7 41. Kd5 Kf6 42. Kxd6 Kf5 43. g3 h5 44. Kd5 h4 45. gxh4 Kxf4 46. Ke6 Kg3
47. Kf6 Kxh3 48. Kxg6 Kxh4 49. Kf5 Kg3 50. Ke4 Kg4 51. Kd4 Kf5 52. Kc4 Ke5 53.
Kb3 Kd5 54. Kxa3 Kc6 55. Ka4 Kb6 56. Kb4 Ka7 57. Ka5 Kb7 58. Kb5 Ka8 59. Ka6
Kb8 60. a4 Ka8 61. a5 Kb8 62. Kb6 Ka8 63. a6 Kb8 64. a7+ Ka8 65. Ka6 1/2-1/2

[Event "ICS Rated blitz match"]
[Site "204.178.125.65"]
[Date "2000.02.25"]
[Round "?"]
[White "Hossa"]
[Black "brutus"]
[Result "1-0"]
[WhiteElo "2402"]
[BlackElo "2095"]
[PlyCount "111"]

1. c4 Nf6 2. Nc3 g6 3. Nf3 d5 4. cxd5 Nxd5 5. Qa4+ c6 6. Nxd5 Qxd5 7. e4 Qd8 8.
d4 Bg7 9. Bg5 O-O 10. O-O-O Qc7 11. Qb4 Re8 12. Bc4 b5 13. Bd3 a5 14. Qd2 b4
15. Bc4 Ba6 16. Bxa6 Nxa6 17. Bh6 c5 18. d5 c4 19. Bxg7 Kxg7 20. Kb1 Kg8 21.
Qh6 f6 22. Nd4 Nc5 23. f3 e5 24. Ne2 Na4 25. d6 Qd7 26. Qd2 Nb6 27. h4 Re6 28.
h5 Rd8 29. hxg6 hxg6 30. Qh6 Qg7 31. Qh4 Rexd6 32. Rxd6 Rxd6 33. Kc1 Rd3 34. f4
c3 35. bxc3 bxc3 36. fxe5 fxe5 37. Kc2 Rd7 38. Nxc3 Nc4 39. Nd5 Rb7 40. Qd8+
Kf7 41. Rf1+ Ke6 42. Rf6+ Qxf6 43. Qxf6+ Kd7 44. Qxg6 Nd6 45. Qg7+ Kc6 46. Qxe5
Kd7 47. Nf6+ Kc6 48. Qd5+ Kc7 49. Qc5+ Kb8 50. Qxd6+ Ka7 51. Nd7 a4 52. Qd4+
Ka8 53. Qxa4+ Ra7 54. Qc6+ Rb7 55. Nc5 Kb8 56. Qxb7# 1-0

[Event "ICS rated blitz match"]
[Site "204.178.125.65"]
[Date "2000.02.25"]
[Round "?"]
[White "brutus"]
[Black "Hossa"]
[Result "0-1"]
[WhiteElo "2090"]
[BlackElo "2407"]
[PlyCount "22"]

1. e4 c5 2. Nf3 Nc6 3. d4 cxd4 4. Nxd4 Nf6 5. Nc3 e5 6. Ndb5 d6 7. a4 a6 8. Na3
Bg4 9. Be2 Bxe2 10. Qd2 Bh5 11. Qe2 Bxe2 0-1

[Event "ICS rated blitz match"]
[Site "204.178.125.65"]
[Date "2000.02.25"]
[Round "?"]
[White "Hossa"]
[Black "brutus"]
[Result "1-0"]
[WhiteElo "2411"]
[BlackElo "2086"]
[PlyCount "57"]

1. e4 e6 2. d4 d5 3. Nc3 Nf6 4. e5 Nfd7 5. f4 c5 6. Nf3 Nc6 7. Be3 cxd4 8. Nxd4
Bc5 9. Qd2 O-O 10. O-O-O a6 11. h4 Bxd4 12. Bxd4 b5 13. Be3 Qa5 14. Kb1 b4 15.
Ne2 Nc5 16. Ng3 Rb8 17. Rh3 Na4 18. Kc1 Bd7 19. Qe2 Ra8 20. Qg4 Ne7 21. Qg5
Rfe8 22. Nh5 Nf5 23. Nf6+ Kh8 24. Nxe8 Rxe8 25. Ba7 Rc8 26. Bd3 Nxb2 27. Kxb2
Qa3+ 28. Kb1 Ba4 29. Bxf5 1-0

[Event "ICS Rated blitz match"]
[Site "204.178.125.65"]
[Date "2000.02.25"]
[Round "?"]
[White "Hossa"]
[Black "LeTiger"]
[Result "0-1"]
[WhiteElo "2415"]
[BlackElo "2776"]
[PlyCount "72"]

1. d4 d5 2. c4 dxc4 3. e4 Nf6 4. e5 Nd5 5. Bxc4 Nb6 6. Bd3 Nc6 7. Ne2 Bg4 8. f3
Be6 9. Nbc3 Bd5 10. O-O e6 11. a3 Bc4 12. Bxc4 Nxc4 13. b3 Nb6 14. Be3 Be7 15.
Qc2 Qd7 16. f4 O-O 17. f5 exf5 18. Rxf5 f6 19. Qe4 fxe5 20. Rxf8+ Bxf8 21. dxe5
Re8 22. Bd4 Qe6 23. Nb5 Qxb3 24. Nxc7 Re7 25. Rb1 Qc4 26. Rc1 Qa4 27. Qe3 Rxc7
28. Bxb6 axb6 29. Qxb6 Re7 30. Re1 Rxe5 31. Qxb7 Rxe2 32. Rc1 Qf4 33. Qb3+ Kh8
34. Rf1 Bc5+ 35. Qe3 Bxe3+ 36. Kh1 Qxf1# 0-1

[Event "ICS rated blitz match"]
[Site "204.178.125.65"]
[Date "2000.02.25"]
[Round "?"]
[White "brutus"]
[Black "Hossa"]
[Result "0-1"]
[WhiteElo "2091"]
[BlackElo "2411"]
[PlyCount "58"]

1. e4 c5 2. Nf3 e6 3. d4 cxd4 4. Nxd4 Nf6 5. Nc3 d6 6. Be3 a6 7. f3 b5 8. Qd2
Bb7 9. O-O-O Nbd7 10. g4 h6 11. g5 hxg5 12. Bxg5 Rc8 13. h4 Ne5 14. Kb1 Nc4 15.
Bxc4 bxc4 16. h5 Be7 17. h6 gxh6 18. Rxh6 Rxh6 19. Bxh6 Rb8 20. Nce2 Qb6 21. c3
Bd8 22. Bg7 Nxe4 23. fxe4 Bxe4+ 24. Ka1 Bg5 25. Nf4 Bxf4 26. Qf2 e5 27. Re1 Bg3
28. Qe2 Bxe1 29. Qxe1 Qxb2# 0-1

[Event "ICS rated blitz match"]
[Site "204.178.125.65"]
[Date "2000.02.25"]
[Round "?"]
[White "Hossa"]
[Black "brutus"]
[Result "1-0"]
[WhiteElo "2415"]
[BlackElo "2087"]
[PlyCount "52"]

1. e4 e6 2. d4 d5 3. Nc3 Nf6 4. e5 Nfd7 5. f4 c5 6. Nf3 Nc6 7. Be3 cxd4 8. Nxd4
Bc5 9. Qd2 O-O 10. O-O-O a6 11. h4 Bxd4 12. Bxd4 b5 13. Be3 Qa5 14. Kb1 b4 15.
Ne2 Nc5 16. Ng3 Rb8 17. Rh3 Na4 18. Kc1 Bb7 19. Qf2 Rfc8 20. Nh5 Ne7 21. Rg3
Nf5 22. Rxg7+ Nxg7 23. Qg3 Kf8 24. Qxg7+ Ke8 25. Nf6+ Ke7 26. Qg5 Rg8 1-0

[Event "ICS rated blitz match"]
[Site "204.178.125.65"]
[Date "2000.02.25"]
[Round "?"]
[White "brutus"]
[Black "Hossa"]
[Result "0-1"]
[WhiteElo "2083"]
[BlackElo "2419"]
[PlyCount "22"]

1. e4 e6 2. d4 d5 3. Nc3 Nf6 4. Bg5 Be7 5. e5 Nfd7 6. Bxe7 Qxe7 7. Nb5 Nb6 8.
f4 O-O 9. Nf3 a6 10. Na3 Qb4+ 11. c3 Qxb2 0-1

[Event "ICS rated standard match"]
[Site "204.178.125.65"]
[Date "2000.02.25"]
[Round "?"]
[White "star"]
[Black "Hossa"]
[Result "1-0"]
[WhiteElo "2538"]
[BlackElo "2225"]
[PlyCount "57"]

1. Nf3 c5 2. e4 d6 3. d4 cxd4 4. Nxd4 Nf6 5. Nc3 e6 6. g4 Nc6 7. g5 Nd7 8. Be3
Be7 9. Qh5 Nxd4 10. Bxd4 O-O 11. Rg1 Nc5 12. O-O-O b6 13. Kb1 Bd7 14. Rg3 e5
15. Bxc5 bxc5 16. Bc4 g6 17. Qh6 Rb8 18. Rdd3 Qb6 19. b3 Bxg5 20. Rxg5 Kh8 21.
Rf5 Bxf5 22. exf5 f6 23. fxg6 Qc7 24. Rh3 d5 25. Bxd5 Rxb3+ 26. axb3 Rf7 27.
gxf7 Qxf7 28. Bxf7 f5 29. Qxh7# 1-0

[Event "ICS rated standard match"]
[Site "204.178.125.65"]
[Date "2000.02.25"]
[Round "?"]
[White "Hossa"]
[Black "DerDoktor"]
[Result "1-0"]
[WhiteElo "2220"]
[BlackElo "1831"]
[PlyCount "51"]

1. c4 b6 2. d4 Bb7 3. e3 e6 4. Nf3 c5 5. Nc3 Nf6 6. Be2 d5 7. cxd5 Nxd5 8. O-O
cxd4 9. exd4 Be7 10. Nxd5 Bxd5 11. Bb5+ Bc6 12. Bd3 O-O 13. Be3 Bd5 14. Ne5 f6
15. Qh5 f5 16. Bb5 g6 17. Nxg6 hxg6 18. Qxg6+ Kh8 19. Qh5+ Kg8 20. Bh6 Bf6 21.
Qg6+ Kh8 22. Bxf8 Qxf8 23. Rfc1 a6 24. Rc7 Be7 25. Rac1 axb5 26. Rxe7 1-0

[Event "ICS rated blitz match"]
[Site "204.178.125.65"]
[Date "2000.02.25"]
[Round "?"]
[White "Jfreile"]
[Black "Hossa"]
[Result "0-1"]
[WhiteElo "2203"]
[BlackElo "2436"]
[PlyCount "36"]

1. e4 e5 2. Nf3 Nc6 3. d3 Nf6 4. Nbd2 d5 5. Be2 Be7 6. c3 O-O 7. O-O dxe4 8.
dxe4 Bg4 9. Re1 Qd7 10. Qc2 Rad8 11. Bf1 Bc5 12. b4 Bd6 13. a3 Rfe8 14. Bb2 Nh5
15. c4 a6 16. c5 Bf8 17. g3 Nf6 18. Nh4 Qxd2 0-1

[Event "ICS Rated blitz match"]
[Site "204.178.125.65"]
[Date "2000.02.25"]
[Round "?"]
[White "Beadle"]
[Black "Hossa"]
[Result "1-0"]
[WhiteElo "2542"]
[BlackElo "2443"]
[PlyCount "135"]

1. d4 d5 2. c4 c6 3. Nc3 Nf6 4. Nf3 e6 5. e3 Be7 6. Bd3 O-O 7. O-O dxc4 8. Bxc4
c5 9. e4 cxd4 10. Qxd4 Qxd4 11. Nxd4 Rd8 12. Nf3 Nc6 13. Bf4 Bb4 14. Rfe1 Nd4
15. Ne5 a6 16. a3 Ba5 17. b4 Bb6 18. Ra2 Ne8 19. Na4 Bc7 20. Nc5 b6 21. Rb2 Nd6
22. Ncd3 f6 23. Bb3 Nxb3 24. Nc6 Nc4 25. Rxb3 Rxd3 26. Rxd3 Bxf4 27. Red1 Kf7
28. g3 Bh6 29. Rc3 Nd2 30. e5 Bd7 31. f4 Bxc6 32. Rxc6 Ne4 33. Rd4 f5 34. Rd7+
Ke8 35. Rb7 b5 36. Rxe6+ Kf8 37. Ree7 Kg8 38. Rf7 Rf8 39. Rxf8+ Kxf8 40. Rb6
Nc3 41. Rxa6 Ke7 42. Kf2 Kf7 43. Ke3 Ke8 44. Kd4 Ne2+ 45. Kc5 Nc3 46. Kd6 Ne4+
47. Ke6 Kd8 48. Kxf5 Nc3 49. e6 Ne2 50. Ke5 Nc3 51. Rc6 g6 52. Kf6 Ne4+ 53. Kf7
Bg5 54. fxg5 Nxg5+ 55. Kf8 Nxe6+ 56. Rxe6 Kc7 57. Kg7 g5 58. Kxh7 g4 59. Kg6
Kb7 60. Kf5 Kc7 61. Kxg4 Kb7 62. h4 Kc7 63. h5 Kb7 64. h6 Kc8 65. Re7 Kd8 66.
Rg7 Kc8 67. h7 Kd8 68. h8=Q# 1-0

[Event "ICS rated blitz match"]
[Site "204.178.125.65"]
[Date "2000.02.25"]
[Round "?"]
[White "Hossa"]
[Black "PostModernist"]
[Result "0-1"]
[WhiteElo "2431"]
[BlackElo "2568"]
[PlyCount "68"]

1. e4 c6 2. d4 Na6 3. Nf3 d6 4. Bf4 Qb6 5. Nbd2 Be6 6. Bxa6 Qxa6 7. a3 h6 8. a4
g5 9. Be3 O-O-O 10. b4 g4 11. Nh4 Bg7 12. b5 Qa5 13. bxc6 bxc6 14. O-O Bf6 15.
Nf5 h5 16. Nb3 Bxb3 17. cxb3 e6 18. Rc1 exf5 19. Rxc6+ Kd7 20. Bd2 Qxd2 21.
Qxd2 Kxc6 22. Qa5 Kd7 23. Qxa7+ Ke8 24. exf5 Kf8 25. Rc1 Kg7 26. Kf1 Nh6 27. d5
Nxf5 28. b4 Rhe8 29. Rd1 Re4 30. Qb7 Rde8 31. g3 Bc3 32. Rb1 h4 33. f3 Re2 34.
Qc6 Bd4 0-1

[Event "ICS Rated blitz match"]
[Site "204.178.125.65"]
[Date "2000.02.25"]
[Round "?"]
[White "PostModernist"]
[Black "Hossa"]
[Result "1-0"]
[WhiteElo "2578"]
[BlackElo "2421"]
[PlyCount "50"]

1. c4 e5 2. Nc3 Nf6 3. Nf3 Nc6 4. g3 Bb4 5. Bg2 O-O 6. O-O Re8 7. d3 Bxc3 8.
bxc3 e4 9. Nd4 d6 10. Rb1 exd3 11. exd3 Nxd4 12. cxd4 c6 13. Bf4 Qa5 14. Qc2 d5
15. c5 Qa6 16. Qb3 Re2 17. a4 Bf5 18. Qxb7 Qxb7 19. Rxb7 Bxd3 20. Ra1 Re6 21.
Bh3 Re4 22. Be5 Ba6 23. Rb2 Rd8 24. Rab1 Bd3 25. Rb8 Rf8 1-0

[Event "ICS rated blitz match"]
[Site "204.178.125.65"]
[Date "2000.02.25"]
[Round "?"]
[White "Hossa"]
[Black "MissSilicon"]
[Result "0-1"]
[WhiteElo "2412"]
[BlackElo "2703"]
[PlyCount "164"]

1. e4 e5 2. Nf3 Nc6 3. Bb5 a6 4. Ba4 Nf6 5. O-O Be7 6. Re1 b5 7. Bb3 O-O 8. c3
d6 9. h3 Na5 10. Bc2 c5 11. d4 cxd4 12. cxd4 Bb7 13. dxe5 dxe5 14. Nxe5 Bd6 15.
Nf3 Nxe4 16. Bxe4 Bxe4 17. Bg5 Bxf3 18. Bxd8 Bxd1 19. Bxa5 Bc2 20. Nc3 Rfe8 21.
Nd5 Be4 22. Nb6 Rab8 23. Rad1 Bc7 24. Nd7 Bxa5 25. Nxb8 Bxe1 26. Rxe1 Rxb8 27.
Rxe4 Rd8 28. Kh2 f5 29. Re2 Kf7 30. Rc2 f4 31. b4 Rd6 32. h4 Kf6 33. a3 g6 34.
Rc8 Kf5 35. Rf8+ Rf6 36. Rh8 h5 37. Kh3 Rc6 38. Rf8+ Ke5 39. Re8+ Kd5 40. Rd8+
Rd6 41. Rf8 Ke5 42. Re8+ Re6 43. Rc8 Ke4 44. Rf8 Rc6 45. Ra8 Rf6 46. Re8+ Kd4
47. g4 Rc6 48. gxh5 gxh5 49. f3 Rc3 50. Re4+ Kd3 51. Rxf4 Rxa3 52. Rf5 Kc4 53.
Rxh5 Rxf3+ 54. Kg4 Rf7 55. Rf5 Rg7+ 56. Kh5 Kxb4 57. Rf4+ Kc5 58. Kh6 Rd7 59.
Rf5+ Kd4 60. Kg5 b4 61. Rf4+ Kc3 62. Rf3+ Kc2 63. Rf6 a5 64. Kg6 b3 65. Rc6+
Kb1 66. Re6 Ka2 67. Ra6 Rd5 68. Kf6 b2 69. Rb6 Rh5 70. Kg7 Rxh4 71. Rb5 b1=Q
72. Rxa5+ Kb3 73. Rb5+ Rb4 74. Rg5 Qa1+ 75. Kf7 Rb7+ 76. Ke6 Rb6+ 77. Kf5 Rf6+
78. Ke4 Qa4+ 79. Kd3 Rf3+ 80. Kd2 Qd4+ 81. Ke1 Qe3+ 82. Kd1 Rf1# 0-1

[Event "ICS Rated blitz match"]
[Site "204.178.125.65"]
[Date "2000.02.25"]
[Round "?"]
[White "MissSilicon"]
[Black "Hossa"]
[Result "1-0"]
[WhiteElo "2708"]
[BlackElo "2407"]
[PlyCount "59"]

1. Nf3 d5 2. c4 e6 3. g3 Nf6 4. Bg2 Be7 5. O-O O-O 6. b3 c5 7. cxd5 exd5 8. d4
Ne4 9. dxc5 Nc6 10. Bb2 Bxc5 11. Nc3 Nxc3 12. Bxc3 Bg4 13. h3 Bxf3 14. Bxf3 Qc7
15. Kh1 d4 16. Bd2 Ne5 17. Bg2 Rac8 18. Rc1 Qe7 19. f4 Nc6 20. f5 f6 21. b4 Bd6
22. b5 Ne5 23. Qa4 Rxc1 24. Rxc1 Nf7 25. Qc4 Re8 26. Bd5 b6 27. Qxd4 Rd8 28. e4
Bxg3 29. Bb4 Rxd5 30. Qxd5 1-0

[Event "ICS Rated blitz match"]
[Site "204.178.125.65"]
[Date "2000.02.25"]
[Round "?"]
[White "Hossa"]
[Black "MissSilicon"]
[Result "1-0"]
[WhiteElo "2402"]
[BlackElo "2713"]
[PlyCount "91"]

1. e4 e5 2. Nc3 Nf6 3. Bc4 Nxe4 4. Qh5 Nd6 5. Qxe5+ Qe7 6. Qxe7+ Bxe7 7. Bb3
Nc6 8. Nf3 O-O 9. O-O Nf5 10. Re1 d6 11. d3 Bd8 12. Bf4 Be6 13. Bxe6 fxe6 14.
Rxe6 Ncd4 15. Nxd4 Nxd4 16. Re4 Nxc2 17. Rc1 Rxf4 18. Rxf4 Bg5 19. Nd5 Nd4 20.
Rxd4 Bxc1 21. Rc4 Bxb2 22. Rxc7 Re8 23. Kf1 Rb8 24. g4 Kf8 25. f4 Ke8 26. Ke2
a6 27. Kf3 h6 28. h4 Ba1 29. h5 Bb2 30. Ke4 Ba1 31. Kf5 Bd4 32. Kg6 Kd8 33.
Rxg7 Bxg7 34. Kxg7 Kd7 35. f5 b5 36. Kxh6 Kc6 37. Ne7+ Kd7 38. f6 b4 39. g5 Ke6
40. Kg7 a5 41. h6 a4 42. Nc6 Ra8 43. h7 b3 44. Nd4+ Ke5 45. Nxb3 axb3 46. axb3
1-0

[Event "ICS Rated blitz match"]
[Site "204.178.125.65"]
[Date "2000.02.25"]
[Round "?"]
[White "MissSilicon"]
[Black "Hossa"]
[Result "1-0"]
[WhiteElo "2686"]
[BlackElo "2429"]
[PlyCount "90"]

1. d4 Nf6 2. c4 e6 3. Nc3 Bb4 4. e3 c5 5. Nge2 cxd4 6. exd4 O-O 7. a3 Be7 8.
Nf4 d5 9. cxd5 Nxd5 10. Ncxd5 exd5 11. Bd3 Nc6 12. O-O Rb8 13. Re1 g6 14. Be3
Bf6 15. Qa4 Bg4 16. Bb5 Qd6 17. Rac1 Bxd4 18. Bxd4 Qxf4 19. Bxc6 bxc6 20. Qxa7
Ra8 21. Qc5 Qd2 22. Bc3 Qg5 23. Qd4 f6 24. Bd2 Qh5 25. Rxc6 Qf5 26. h3 Qd7 27.
Rxf6 Rxf6 28. Qxf6 Rf8 29. Qe5 Bf5 30. Bc3 Be4 31. f3 h6 32. Qh8+ Kf7 33. Qg7+
Ke8 34. Qe5+ Qe7 35. Qxe7+ Kxe7 36. Bb4+ Kf7 37. Bxf8 Bc2 38. Bxh6 Kf6 39. Be3
Bf5 40. Bd4+ Kf7 41. Re5 Be6 42. b4 Ke7 43. b5 Kd6 44. Rxe6+ Kxe6 45. a4 g5 1-0

[Event "ICS rated blitz match"]
[Site "204.178.125.65"]
[Date "2000.02.25"]
[Round "?"]
[White "Hossa"]
[Black "Beadle"]
[Result "0-1"]
[WhiteElo "2423"]
[BlackElo "2566"]
[PlyCount "100"]

1. c4 Nf6 2. Nc3 c5 3. Nf3 e6 4. g3 b6 5. Bg2 Bb7 6. O-O Be7 7. d3 d6 8. Bg5
O-O 9. d4 Nbd7 10. d5 Nxd5 11. cxd5 Bxg5 12. dxe6 Bf6 13. exd7 Qxd7 14. Ne1
Rfe8 15. Bxb7 Qxb7 16. e3 d5 17. Qf3 Bxc3 18. bxc3 Rad8 19. Nd3 Re4 20. Rfd1
Rd6 21. Nf4 f5 22. Qh5 g6 23. Qh6 Re5 24. c4 d4 25. Rac1 Qe4 26. Rd3 a6 27. Rf1
b5 28. cxb5 axb5 29. exd4 cxd4 30. Ra3 Qb7 31. Nd3 Re2 32. Nc1 Re4 33. f4 Rc6
34. Nb3 Rc2 35. Na5 Qd5 36. Raf3 Qxa2 37. Qh4 Rg2+ 38. Kh1 Ree2 39. Qd8+ Kg7
40. R3f2 Rgxf2 41. Rxf2 Qb1+ 42. Kg2 Qe4+ 43. Kg1 Qe3 44. Qe7+ Qxe7 45. Kf1 d3
46. Nc4 Rxf2+ 47. Kxf2 Qe2+ 48. Kg1 bxc4 49. g4 d2 50. gxf5 d1=Q# 0-1

[Event "ICS Rated blitz match"]
[Site "204.178.125.65"]
[Date "2000.02.25"]
[Round "?"]
[White "Beadle"]
[Black "Hossa"]
[Result "1/2-1/2"]
[WhiteElo "2576"]
[BlackElo "2413"]
[PlyCount "270"]

1. d4 d5 2. c4 dxc4 3. e4 e5 4. Nf3 exd4 5. Bxc4 Bb4+ 6. Nbd2 Nc6 7. O-O Nf6 8.
Nb3 O-O 9. a3 Bd6 10. Nbxd4 Nxe4 11. Re1 Nxd4 12. Qxd4 Nf6 13. Bg5 Bd7 14. Bd5
c5 15. Bxf6 cxd4 16. Bxd8 Raxd8 17. Rad1 Bc5 18. Bxb7 Rb8 19. b4 Bb6 20. Bd5
Ba4 21. Rd2 Rfd8 22. Bc4 Re8 23. Rxe8+ Rxe8 24. h4 Re7 25. b5 h5 26. g3 Rc7 27.
Ne5 Rc5 28. f4 Rc7 29. Kg2 g6 30. Kf3 Re7 31. Ke4 Kg7 32. Kd5 Rc7 33. Kd6 Rc8
34. Nc6 a6 35. Rb2 Kf6 36. Rb4 axb5 37. Bxb5 Bc2 38. Ba6 Bc7+ 39. Kc5 Ra8 40.
Nxd4 Bd1 41. Bc4 Rc8 42. Nc6 Bd8 43. Rb7 Rc7 44. Rxc7 Bxc7 45. Nb4 Kg7 46. Bd5
Bd8 47. Nc6 Bc7 48. Ne5 f6 49. Nc6 Kh6 50. Nd4 Bb8 51. Be4 Ba7+ 52. Kc4 Bg4 53.
Bd3 Bb6 54. Kd5 Bd7 55. Bc4 Bh3 56. Ke4 Ba5 57. Ke3 Bc3 58. Bd5 Bg4 59. Nc2 Bd7
60. Bb3 Bf5 61. Nb4 Be1 62. Kf3 Bd7 63. Bd5 Bc3 64. Nd3 Bd4 65. Bb7 Kg7 66. Ba8
Bg4+ 67. Kg2 Bf5 68. Nb4 Bb2 69. a4 Ba3 70. Nd5 Be4+ 71. Kf1 Bxd5 72. Bxd5 Bb4
73. Bf3 Kf7 74. f5 Kg7 75. Kf2 Kh6 76. fxg6 Kxg6 77. Bc6 Ba5 78. Be8+ Kh6 79.
Kf3 f5 80. Bc6 Kg6 81. Bd7 Bc7 82. Be8+ Kh6 83. Bf7 Bd8 84. Ke2 Bc7 85. Kf2
Bb6+ 86. Kg2 Ba5 87. Bd5 Kg6 88. Bc6 Be1 89. Be8+ Kh6 90. Bb5 Ba5 91. Bd7 Kg6
92. Be8+ Kh6 93. Bc6 Kh7 94. Kf1 Bc7 95. Kf2 Kg7 96. Bd7 Kg6 97. Kf3 Ba5 98.
Ke3 Bb6+ 99. Ke2 Ba5 100. Be8+ Kh6 101. Bf7 Bc7 102. Be6 Bxg3 103. a5 Kg6 104.
Bd7 Bb8 105. Be8+ Kh6 106. Ke3 Bg3 107. a6 Bh2 108. Kd4 Bg3 109. Kd5 Bf2 110.
Ke5 f4 111. Kxf4 Ba7 112. Ke5 Kg7 113. Bxh5 Be3 114. Kf5 Kg8 115. Kg6 Ba7 116.
Bf3 Bb8 117. Bd5+ Kh8 118. h5 Ba7 119. h6 Bc5 120. Be4 Be3 121. Kf6 Bd4+ 122.
Ke6 Kg8 123. Kd5 Be3 124. Kc6 Kf7 125. Bh7 Kf6 126. Bd3 Bg1 127. Kb7 Be3 128.
a7 Bxa7 129. Kxa7 Kf7 130. Bh7 Kf8 131. Kb6 Kf7 132. Kc6 Kf6 133. Bg6 Kxg6 134.
h7 Kg7 135. h8=Q+ Kxh8 1/2-1/2

[Event "ICS Rated blitz match"]
[Site "204.178.125.65"]
[Date "2000.02.25"]
[Round "?"]
[White "Hossa"]
[Black "Beadle"]
[Result "0-1"]
[WhiteElo "2420"]
[BlackElo "2569"]
[PlyCount "180"]

1. e4 e5 2. Nf3 Nc6 3. Bc4 Nf6 4. Ng5 d5 5. exd5 Na5 6. Bb5+ c6 7. dxc6 bxc6 8.
Be2 h6 9. Nf3 e4 10. Ne5 Bd6 11. d4 exd3 12. Nxd3 Qc7 13. b3 O-O 14. Bb2 Nh7
15. c4 Re8 16. c5 Bxh2 17. g3 Bg4 18. Nc3 Bxg3 19. Rg1 Re3 20. Rxg3 Rxg3 21.
fxg3 Qxg3+ 22. Kd2 Rd8 23. Kc2 Bf5 24. Bc1 Qf2 25. Bd2 Qxc5 26. Qf1 Bg6 27. Bf4
Nf6 28. Kb2 Qb6 29. Ne5 Nd5 30. Nxg6 fxg6 31. Bd2 Qd4 32. Rd1 Rf8 33. Qh3 Qe5
34. Qg2 g5 35. Bd3 Nf4 36. Bxf4 Rxf4 37. Qc2 Qf6 38. Bh7+ Kh8 39. Rd2 g4 40.
Re2 Qd6 41. Bg6 Rf8 42. Rd2 Qb8 43. Qd3 Qb4 44. Kc2 c5 45. Qd6 Qb8 46. Qxc5 Nb7
47. Qh5 g3 48. Ne4 Qc7+ 49. Kb2 Rc8 50. Rd1 g2 51. Nf2 Qc3+ 52. Kb1 Na5 53. Qd5
g1=Q 54. Rxg1 Nc4 55. Qxc4 Rxc4 56. bxc4 Qb4+ 57. Ka1 Qd6 58. Rg2 Qe5+ 59. Kb1
Qe1+ 60. Kb2 Qe2+ 61. Bc2 a5 62. a4 Qf1 63. Rh2 Qg1 64. Rh5 Qxf2 65. Rxa5 Qd4+
66. Kb3 Qe3+ 67. Ka2 g5 68. Ra6 g4 69. a5 g3 70. Rg6 Qd2 71. Rxg3 Qxc2+ 72. Ka3
Qxc4 73. Rb3 h5 74. Rb4 Qd3+ 75. Ka4 Qd7+ 76. Kb3 Qd1+ 77. Kc4 h4 78. Kc5 Qg1+
79. Kb5 h3 80. Rh4+ Kg7 81. Rh5 Qf1+ 82. Kc5 Qf2+ 83. Kd6 Qf8+ 84. Kd7 Qf7+ 85.
Kc6 Qxh5 86. Kb6 h2 87. a6 h1=Q 88. Kc7 Qe5+ 89. Kd7 Qc1 90. a7 Qcc7# 0-1

[Event "ICS Rated blitz match"]
[Site "204.178.125.65"]
[Date "2000.02.25"]
[Round "?"]
[White "Hossa"]
[Black "PostModernist"]
[Result "0-1"]
[WhiteElo "2410"]
[BlackElo "2587"]
[PlyCount "108"]

1. d4 d5 2. c4 e6 3. Nf3 Nf6 4. Bg5 Be7 5. e3 O-O 6. Nc3 h6 7. Bxf6 Bxf6 8.
cxd5 exd5 9. Bd3 c5 10. dxc5 Bxc3+ 11. bxc3 Nd7 12. O-O Nxc5 13. Qc2 Bg4 14.
Ne5 Be6 15. Bh7+ Kh8 16. Nd3 Rc8 17. Nf4 Qf6 18. Rac1 Rc7 19. Rfd1 Rfc8 20. Bd3
Nxd3 21. Rxd3 Bf5 22. Nxd5 Qg6 23. Rcd1 Be4 24. Nf4 Qg5 25. Qb3 Bxd3 26. Rxd3
b5 27. Nd5 Rc5 28. e4 Re8 29. f3 f5 30. Rd4 fxe4 31. fxe4 Rf8 32. Qd1 Qg6 33.
a4 bxa4 34. Rxa4 Rb5 35. Qa1 Rfb8 36. Rb4 Rxb4 37. Nxb4 Qb6+ 38. Kh1 a5 39. h3
axb4 40. cxb4 Qxb4 41. Qe5 Qe1+ 42. Kh2 Rb1 43. Qf5 Qg1+ 44. Kg3 Rb3+ 45. Kh4
Qe1+ 46. Kh5 Qg3 47. Qg4 Rb5+ 48. Kg6 Qd6+ 49. Kf7 Qf6+ 50. Ke8 Rb8+ 51. Kd7
Rd8+ 52. Kc7 Qd6+ 53. Kb7 Rb8+ 54. Ka7 Qb6# 0-1

[Event "ICS rated blitz match"]
[Site "204.178.125.65"]
[Date "2000.02.25"]
[Round "?"]
[White "PostModernist"]
[Black "Hossa"]
[Result "1/2-1/2"]
[WhiteElo "2595"]
[BlackElo "2402"]
[PlyCount "124"]

1. d4 Nf6 2. c4 e6 3. Nf3 b6 4. a3 Bb7 5. Nc3 d5 6. cxd5 Nxd5 7. Qc2 c5 8. dxc5
Bxc5 9. Bg5 Qc8 10. Rc1 h6 11. Bh4 a5 12. Na4 Nd7 13. e4 Nc7 14. Be2 O-O 15.
O-O Ba6 16. Nxc5 Nxc5 17. Be7 Re8 18. Bxc5 bxc5 19. Ne5 Bxe2 20. Qxe2 Na6 21.
Nc4 Qc7 22. e5 Red8 23. b3 a4 24. bxa4 Nb8 25. Nb2 Rd5 26. f4 Nc6 27. Rfd1 Nd4
28. Qe4 Qd8 29. Rb1 Qh4 30. Nc4 Qg4 31. Re1 Rdd8 32. a5 Ra7 33. h3 Qg3 34. Re3
Qh4 35. Rd3 Qh5 36. Rd2 Qh4 37. Qe3 Qh5 38. Rb5 Rc7 39. Qe4 Qh4 40. Rb6 Qg3 41.
Rd6 Re8 42. Rd3 Qh4 43. Nb6 Ra7 44. R3xd4 cxd4 45. Nc4 Rb8 46. Rxd4 Rb3 47. Rd1
g6 48. Qc2 Rg3 49. Qf2 Qxh3 50. Rd8+ Kh7 51. Rd1 Qg4 52. Re1 Rc7 53. Nd6 Kh8
54. a6 Rc6 55. Nxf7+ Kg7 56. a7 Ra6 57. Nd6 Rgxa3 58. Ne8+ Kf7 59. Nd6+ Kg7 60.
Ne8+ Kf7 61. Nd6+ Kg7 62. Ne8+ Kf7 1/2-1/2

[Event "ICS rated blitz match"]
[Site "204.178.125.65"]
[Date "2000.02.25"]
[Round "?"]
[White "Hossa"]
[Black "PostModernist"]
[Result "0-1"]
[WhiteElo "2410"]
[BlackElo "2587"]
[PlyCount "122"]

1. Nf3 Nf6 2. g3 g6 3. Bg2 Bg7 4. O-O O-O 5. d4 d6 6. c4 Nc6 7. d5 Na5 8. Na3
c5 9. Re1 Bf5 10. Ng5 Ng4 11. Bh3 Bd7 12. Rb1 h6 13. Bxg4 Bxg4 14. f3 Bf5 15.
Ne4 Bxe4 16. fxe4 b6 17. Bd2 Nb7 18. Qc1 Kh7 19. Bc3 e5 20. Rf1 Qd7 21. Qd2 Qg4
22. Qe3 Qh3 23. Rbd1 Kh8 24. Qd2 h5 25. Qg5 Rae8 26. Nb5 Kh7 27. Rd3 f6 28. Qd2
Rf7 29. Nxa7 Ra8 30. Nc6 Rxa2 31. Qc2 Rf8 32. Qb3 Ra6 33. Rdf3 Rfa8 34. Qb5 Qg4
35. Ne7 Qxe4 36. R3f2 Qg4 37. Qc6 Na5 38. Bxa5 bxa5 39. Qb5 a4 40. Ra1 a3 41.
bxa3 Rxa3 42. Rxa3 Rxa3 43. Qb2 Ra4 44. Qb8 Ra1+ 45. Kg2 h4 46. Rf3 h3+ 47. Kf2
Qd4+ 48. Re3 Ra3 49. Qb1 Qxe3+ 50. Kf1 e4 51. Qe1 Rc3 52. Nc8 Rc1 53. Qxc1
Qxc1+ 54. Kf2 f5 55. Nxd6 Bd4+ 56. e3 Bxe3+ 57. Ke2 Qd2+ 58. Kf1 g5 59. Nxf5
Qg2+ 60. Ke1 Qf2+ 61. Kd1 Qd2# 0-1